000 00932nam0a22003491 4500
001 RU\NLR\A1SV\97243
005 20251127152040.0
035 _a(NLR Aleph) 009778596
090 _a10086175
_c10086175
100 _a20090827d1918 u y0rusy50 ca
101 0 _arus
102 _aRU
200 1 _aОрганизация автономной школы
_fВУС Петрогр. учит. союз
210 _aПг.
_cТип. "Воля народа"
_d1918
215 _a103 с.
_d21 см
451 1 _1001RU\NLR\A1SV\97244
620 _dСанкт-Петербург
801 0 _aRU
_bNLR
_c20090827
852 _aNLR
_j37.76.8.397
899 _aЗНБ СГУ
899 _aРКП
899 _aСамОУНБ
899 _aСамОУНБ
899 _aГПИБ
899 _aРГБ
899 _aSLK
899 _aНГОУНБ
899 _aСОУНБ
942 _cBOOK
980 _aA1SV
980 _aNB